书目信息 |
| 题名: |
电工学初步
|
|
| 作者: | 刘家屿 , 马春森 编 | |
| 分册: | ||
| 出版信息: | 北京 中国建筑工业出版社 1983 |
|
| 页数: | 368页 | |
| 开本: | 19cm | |
| 丛书名: | ||
| 单 册: | ||
| 中图分类: | TM1 | |
| 科图分类: | ||
| 主题词: | 电工--理论 | |
| 电子资源: | ||
| ISBN: | ||
| 000 | 00678nam0 2200241 45 | |
| 001 | 0183000338 | |
| 005 | 20060420092012.23 | |
| 010 | @dCNY0.95 | |
| 091 | @a15040.4468 | |
| 100 | @a19950615d1983 em y0chiy0121 ea | |
| 101 | 0 | @achi |
| 102 | @aCN@b110000 | |
| 105 | @ay z 000yy | |
| 200 | 10 | @a电工学初步@Adian gong xue chu bu@f刘家屿,马春森编@Fliu jia yu,ma chun sen bian |
| 210 | @a北京@c中国建筑工业出版社@d1983 | |
| 215 | @a368页@d19cm | |
| 606 | 0 | @a电工@x理论 |
| 690 | @aTM1 | |
| 701 | 0 | @a刘家屿@Aliu jia yu@4编 |
| 701 | 0 | @a马春森@Ama chun sen@4编 |
| 801 | 2 | @aCN@bNLC@c20060420 |
| 801 | 0 | @aCN@b上海图书馆@c20040525 |
| 905 | @f1@b133852@dTM1@e100@b133849@f1 | |
| 电工学初步/刘家屿,马春森编.-北京:中国建筑工业出版社,1983 |
| 368页;19cm |
| ISBN :CNY0.95 |
| ● |
| 相关链接 |
|
|
|
|
正题名:电工学初步
索取号:TM1/100
 
预约/预借
| 序号 | 登录号 | 条形码 | 馆藏地/架位号 | 状态 | 备注 |
| 1 | 0133849 | 000801127 | 密集书库/ [索取号:TM1/100] | 在馆 | |
| 2 | 0133850 | 202266190 | 密集书库/ [索取号:TM1/100] | 在馆 | |
| 3 | 0133851 | 202266680 | 密集书库/ [索取号:TM1/100] | 在馆 | |
| 4 | 0133852 | 000800173 | 第三借阅区/ [索取号:TM1/100] | 在馆 | |
| 5 | 0133853 | 202102606 | 第二样本阅览室/ [索取号:TM1/100] | 在馆 |